000 00742nam a2200217Ii 4500
003 JO-AjNU
008 230605s9999||||xx |||||||||||||| ||und||
017 _a94/8476
020 _a977-10-0705-X
040 _aJO-AjNU
_bara
_erda
_cJO-AjNU
041 _aara
050 1 4 _aBP165.5.J39 1995
100 3 _aالجزائري، طاهر ، تحقيق وشرح وتعليق: محمد علي قطب,
_eauthor
_915924
245 0 0 _aالجواهر الكلامية في العقيدة الإسلامية
264 3 1 _aالقاهرة: دار الفكر العربي، 1995
300 _a80ص
336 _atext
_btxt
_2rdacontent
337 _aunmediated
_bn
_2rdamedia
338 _avolume
_bnc
_2rdacarrier
650 4 _aعلم الكلام
_915925
999 _aA4608
_c8176
_d8176